| 000 | 01478cam a2200373 i 4500 | ||
|---|---|---|---|
| 001 | 41203 | ||
| 003 | Mx-PuUPA | ||
| 005 | 20260108112533.0 | ||
| 008 | 140415s2023 mx gr 001 0 spa d | ||
| 020 | _a9786075695181 | ||
| 040 |
_aMx-PuUPA _bspa _cMx-PuUPA _dMx-PuUPA _erda |
||
| 041 | 1 |
_aspa _heng |
|
| 100 | 1 |
_aŽižek, Slavoj, _d1949- _eautor _917449 |
|
| 240 | 1 | 0 |
_aHegel in a wired brain. _lEspañol |
| 245 | 1 | 0 |
_aHegel y el cerebro conectado / _cSlavoj Žižek ; traducción de Fernando Borrajo |
| 250 |
_aPrimera edición / _bjulio |
||
| 264 | 1 |
_aCiudad de México : _bEdiciones Culturales Paidós, _c2023 |
|
| 300 |
_a221 páginas ; _c23 cm |
||
| 336 |
_2rdacontent _atexto _btxt |
||
| 337 |
_2rdamedia _asin medio _bn |
||
| 338 |
_2rdacarrier _avolumen _bnc |
||
| 500 | _aReimpresiones: (primera, enero, 2024). | ||
| 600 | 1 | 0 |
_aHegel, Georg Wilhelm Friedrich, _d1770-1831 _99413 |
| 650 | 7 |
_2armarc _aFilosofía de la mente _y1770-1881 _vCrítica e interpretación |
|
| 650 | 7 |
_2armarc _aInteligencia artificial _xAspectos filosóficos |
|
| 650 | 7 |
_2armarc _aNeurociencias _xAspectos sociales |
|
| 650 | 7 |
_2armarc _aTecnología y civilización |
|
| 650 | 7 |
_2armarc _aFilosofía Hegeliana |
|
| 700 | 1 |
_aBorrajo, Fernando, _etraductor |
|
| 765 | 0 |
_aŽižek, Slavoj _tHegel in a wire brain _d[lugar de publicación no identificado] : Bloomsbury Publishing, ©2020 |
|
| 942 |
_2ddc _cLI _h193 _iZ8218 |
||
| 999 |
_c41203 _d41203 |
||